UM Logo

One new super-twisting sliding mode direct thrust control for linear induction machine based on linear metro / (Record no. 18893)

MARC details
000 -LEADER
fixed length control field 01166nam a22002657a 4500
003 - CONTROL NUMBER IDENTIFIER
control field OSt
005 - DATE AND TIME OF LATEST TRANSACTION
control field 20251020174136.0
008 - FIXED-LENGTH DATA ELEMENTS--GENERAL INFORMATION
fixed length control field 240202b ||||| |||| 00| 0 eng d
040 ## - CATALOGING SOURCE
Transcribing agency 0
082 ## - DEWEY DECIMAL CLASSIFICATION NUMBER
Classification number DPer 621.317 Ie21 January 2022 v. 37 n. 1
100 ## - MAIN ENTRY--PERSONAL NAME
Personal name Ali, Mosaad M.
Relator term author.
9 (RLIN) 51277
245 ## - TITLE STATEMENT
Title One new super-twisting sliding mode direct thrust control for linear induction machine based on linear metro /
Statement of responsibility, etc. Mosaad M. Ali, Wei Xu, Abdul Khalique Junejo, Mahmoud F. Elmorshedy, and Yirong Tang.
260 ## - PUBLICATION, DISTRIBUTION, ETC. (IMPRINT)
Place of publication, distribution, etc. New York ;
Name of publisher, distributor, etc. The Institute of Electrical and Electronics Engineers, Inc. ,
Date of publication, distribution, etc. January 2022.
300 ## - PHYSICAL DESCRIPTION
Extent Volume 37, pages 795-805 :
Other physical details illustration ;
Dimensions 28 cm.
500 ## - GENERAL NOTE
General note IEEE Transactions on Power Electronics, v. 37 n 1, pages 795-805, January 2022.
650 #0 - SUBJECT ADDED ENTRY--TOPICAL TERM
Topical term or geographic name as entry element Direct thrust control (DTC).
9 (RLIN) 65886
650 #0 - SUBJECT ADDED ENTRY--TOPICAL TERM
Topical term or geographic name as entry element Electromagnetics.
9 (RLIN) 65887
650 #0 - SUBJECT ADDED ENTRY--TOPICAL TERM
Topical term or geographic name as entry element Voltage control.
9 (RLIN) 65727
700 ## - ADDED ENTRY--PERSONAL NAME
Personal name Ali, Mosaad M.
Relator term author.
9 (RLIN) 51277
700 ## - ADDED ENTRY--PERSONAL NAME
Personal name Xu, Wei.
Relator term author.
9 (RLIN) 51278
700 ## - ADDED ENTRY--PERSONAL NAME
Personal name Junejo, Abdul Khalique.
Relator term author.
9 (RLIN) 51279
700 ## - ADDED ENTRY--PERSONAL NAME
Personal name Elmorshedy, Mahmoud F.
Relator term author.
9 (RLIN) 51280
700 ## - ADDED ENTRY--PERSONAL NAME
Personal name Tang, Yirong.
Relator term author.
9 (RLIN) 51281
942 ## - ADDED ENTRY ELEMENTS (KOHA)
Source of classification or shelving scheme Dewey Decimal Classification
Koha item type Periodicals
Holdings
Withdrawn status Lost status Source of classification or shelving scheme Damaged status Not for loan Collection code Home library Current library Date acquired Total Checkouts Full call number Date last seen Price effective from Koha item type Public note
    Dewey Decimal Classification     Periodicals UM Digos College - LIC UM Digos College - LIC 02/02/2024   DPer 621.317 Ie21 January 2022 v. 37 n. 1 02/02/2024 02/02/2024 Periodicals Periodical Article